| 000 | 01040cam a2200349 a 4500 | ||
|---|---|---|---|
| 001 | 6862 | ||
| 003 | FISKH | ||
| 005 | 20250604083750.0 | ||
| 008 | 060628s2006 nyua j 000 0 eng | ||
| 010 | _a 2006278659 | ||
| 020 | _a0756620120 | ||
| 020 | _a9780756620110 | ||
| 020 | _a0756620112 | ||
| 020 | _a9780756620127 | ||
| 024 | 3 | _a9780756620110 (pbk.) | |
| 040 |
_aDOV _cDOV _dDLC _beng |
||
| 050 | _aGV461 .S55 | ||
| 082 | _a796.44 | ||
| 100 | 1 | _aSimkins, Kate | |
| 245 | 1 | 0 |
_aI want to be a gymnast. _cwritten by Kate Simkins |
| 260 |
_aNew York : _bDK Publishing, _c2006. |
||
| 300 |
_a32 pages : _bcolor illustrations ; _c23 cm |
||
| 490 |
_aDorling Kindersley readers : _vBeginning to read alone 2 |
||
| 505 | _aJ | ||
| 520 | _aExamines two young girls as they learn the beam, bars and vault. | ||
| 521 | 8 |
_a430
_bLexile estimate |
|
| 521 | 8 |
_aJ
_bRaz-Plus |
|
| 650 | 0 |
_aGymnastics _vJuvenile literature. |
|
| 906 |
_a7 _bcbc _ccopycat _d2 _encip _f20 _gy-gencatlg |
||
| 942 |
_2ddc _cBK _n0 |
||
| 999 |
_c6862 _d6862 |
||